000
00352 a2200169 4500
001
184110
020
_a
850809866-9
040
_c
Magnum
100
_a
Scott, Kieran
240
1
0
_a
Confie em mim
_l
por
245
1
0
_a
Confie em mim
300
_a
143
362
0
_a
2005
440
1
_a
Ática
697
_a
LITERATURA JUVENIL ESTRANGEIRA
942
_c
BK
999
_c
184110
_d
184110